000 00360nam a2200145Ia 4500
008 230917s9999||||xx |||||||||||||| ||und||
040 _e74675
_aMAIN
041 _aEnglish
082 _a658.54 M541M
100 _aMeredith, Jack R
245 4 _aThe management of operations
260 _aNew York
_bJohn Wiley
_c1980
300 _axvii, 686 p.
942 _cBK
999 _c213737
_d213737